000 00292nam a22001337a 4500
008 190222b xxu||||| |||| 00| 0 eng d
020 _a0205289959
041 _aeng
080 _a159.9
100 _a50
101 _aPSI
245 _aEducational Psychology
_cWoolfolk, A
942 _2udc
_cBK
999 _c54115
_d54115